000 00283nam a22001097a 4500
008 160613b xxu||||| |||| 00| 0 eng d
020 _a0323002501
041 _aeng
080 _a618.2
245 _aNursing issues in leading and managing change:
_cJeanette Lancaster;
942 _2udc
_cBK
999 _c2447
_d2447